| 000 | 00552pab a2200205 454500 | ||
|---|---|---|---|
| 008 | 180718b2010 xxu||||| |||| 00| 0 eng d | ||
| 100 | _aBaba, S.H. | ||
| 245 | _aImpact of government expenditure on poverty in Himachal Pradesh | ||
| 260 | _c2010 | ||
| 300 | _ap.139-56. | ||
| 362 | _aApr | ||
| 650 | _aPublic expenditure - India - Himachal Pradesh | ||
| 650 | _aPoverty - India - Himachal Pradesh | ||
| 650 | _aPoverty | ||
| 700 | _aSharma, K.D. | ||
| 700 | _aWani, M.H. | ||
| 773 | _aAsian Economic Review | ||
| 908 | _aN | ||
| 909 | _a87125 | ||
| 999 |
_c87125 _d87125 |
||